Oil resistant rubber : Recent research (Record no. 64337)

MARC details
000 -LEADER
fixed length control field 00306nam a2200121Ia 4500
245 #0 - TITLE STATEMENT
Title Oil resistant rubber : Recent research
260 ## - PUBLICATION, DISTRIBUTION, ETC. (IMPRINT)
Name of publisher Rubber Developments
Year of publication 1947
300 ## - PHYSICAL DESCRIPTION
Number of Pages 31-32
650 ## - SUBJECT ADDED ENTRY--TOPICAL TERM
Topical Term Oil resistant rubber
650 ## - SUBJECT ADDED ENTRY--TOPICAL TERM
Topical Term Rubber
942 ## - ADDED ENTRY ELEMENTS (KOHA)
Koha item type Journals
Holdings
Withdrawn status Lost status Damaged status Not for loan Home library Current library Shelving location Date acquired Serial Enumeration / chronology Koha item type
      Journals RRII Library RRII Library Rubber general 17/12/2021 Volume 1, Issue 2 Journals